E ile Başlayan Şarkılar - Statistics

General Stats
  • This quiz has been taken 4 times
  • The average score is 5 of 15
Answer Stats
Şarkı Sözü Şarkı İsmi % Correct
Son zamanlar yaptıklarıma bakma ne olursun
Benim aklım başımda değil
Sana söylediklerimi kafana takma ne olursun
Onlar ipe sapa gelir şeyler değil
Ellerimde Çiçekler
100%
Güneş her akşam batıp her gün doğuyorsa
Çiçekler solup solup tekrar açıyorsa
En derin yaralar kapanıyorsa
En büyük acılar unutuluyorsa
Neden korkulur hayatta söyleyin bana
Ben neden aynı kalayım söyleyin bana
Elbette
67%
Yüzün geçmişten kalan
Aşka tarif yazdıran
Bir alaturka hüzün
Yüzün kıyıma vuran
Anne karnı huzur
Çocukluğumun sesi
Senden bana
Şimdi zamanı sızdıran
Elfida
67%
İçinde bin pişmanlık gözlerinde yaş
Yüzünde yasak duyguların verdiği garip telaş
Sesinde bir burukluk ellerin soğuk
Boğazında düğüm, düğüm kelimeler
Erkekler Ağlamaz
67%
Evlerinde lambaları yanıyor
göz göz olmuş ciğerlerim kanıyor
beni gören deli olmuş sanıyor
ölürümde ayrılamam yar senden
Evlerinin Önü Boyalı Direk
67%
Kan ter içinde uykularından uyanıyorsan eğer
Her gece
Yalnızlık sevgili gibi boylu boyunca uzanıyorsa
Koynuna
Olur olmaz yere ıslanıyorsa kirpiklerin artık
Herşeye
Eller Günahkar
33%
Ben de bu dağların nesine geldim
Meleşir kuzular sesine geldim
Bir garip ölmüş de yasına geldim
Emmoğlu
33%
Üzenler hep seviliyor
Sevenler hep üzülüyor
Aşka inancım azalıyor
E gitgide hevesim kaçıyor
Kimler kimler yuva kuruyor
Ben niye kuramıyorum
Evli, Mutlu, Çocuklu
33%
Uyanır gece yarısı, yoktan sevda yaparım
Uyanır gece yarısı, yoktan sevda yaparım
Adamım, bu küçük işlere ben bakarım, yanarım
Adamım, bu küçük işlere ben bakarım, yakarım
Ebruli
0%
Bir kısa mesajla bitti sanırsın,
Rap vakti canım dinle yanarsın,
Bu şarkıyı o piçe dinletirsin,
Sen bir şişe biraya göt verirsin..!
Eksik Etek
0%
Yalnızlığa alıştım ben
Hiç yoktun sanki önceden
Her şey sona erdi bak
Unuttum sevgileri
Bu kalbe yeniden sev diyemem
Elimde Değil
0%
Kalbim senden senden vazgeçmeyecek
Korkma içimde aşkın hiç bitmeyecek
Eğer istersen sonsuza dek surecek
İnan bu adam hep seni seni sevecek
Endamın Yeter
0%
Çok memleketler gezdim
Neler gördüm görmedim
Şu kocaman dünyada
Senin gibi görmedim.
Böyle bir yar istemem
İstesem de istemem
Güller bitti dilimde
Nasıl diyeyim bilmem.
Estarabim
0%
Cahildim dünyanın rengine kandım
Hayale aldandım boşuna yandım
Seni ilelebet benimsin sandım
Ölürüm sevdiğim zehirim sensin
Evvelim Sen Oldun
0%
Hiçbir neden yokken,
ya da biz bilmezken tepemiz atmış
ve konuşmuşuzdur...
onca neden varken
ve tam sırası gelmişken
hiçbirşey yapmamış
ve susmuşuzdur...
Eylül Akşamı
0%
No matching quizzes found
Score Distribution
Percent of People with Each Score
Percentile by Number Answered
Your Score History
You have not taken this quiz